Stanovenie hodnoty podniku diplomová práca

Salvato in:
Dettagli Bibliografici
Autore principale: Zaťková, Emília
Ente Autore: Ekonomická univerzita v Bratislave. Fakulta podnikového manažmentu
Altri autori: Jakubec, Miroslav
Natura: Libro
Lingua:slovacco
Pubblicazione: Bratislava 2010
Tags: Aggiungi Tag
Nessun Tag, puoi essere il primo ad aggiungerne!!

MARC

LEADER 00000nam a2200000 4500
001 0122505
005 20240318123500.0
041 0 |a slo 
044 |a SK 
245 1 0 |a Stanovenie hodnoty podniku  |b diplomová práca  |c Emília Zaťková ; škol. Miroslav Jakubec 
264 1 |a Bratislava  |c 2010 
300 |a 71 s. 
100 1 |a Zaťková, Emília 
700 1 |a Jakubec, Miroslav 
710 2 |a Ekonomická univerzita v Bratislave. Fakulta podnikového manažmentu